Deuda externa ¿problema económico o político?

Salvato in:
Dettagli Bibliografici
Natura: testo
Tags: Aggiungi Tag
Nessun Tag, puoi essere il primo ad aggiungerne!!

MARC

LEADER 00000 a a2200000 04500
001 17557
003
040
245 |a Deuda externa ¿problema económico o político?  
773 |g número 63; páginas 15  
999 |c 27173  |d 27173